000 00750cam a22002417a 4500
003 CHAP
005 20220329134127.0
008 971013s r 00010 d
010 _a15796
011 _a16768
035 _a20850
040 _cCHAP
090 _aR-585
100 0 0 _aHirschhorn, Elisa.
_955577
245 1 4 _aLos carbones del maíz en la Argentina
_b: caracteres sistemáticos-genéticos y parasitarios
500 _aSobretiro de : Rev. de la Facultad de Agronomía. La Plata. 22(2):108-142, 1935
590 _aBATCH-UPD
_b10
_c20130110
_lUCH01
_h2230
590 _aCONVERSION
_b10
_c20130109
_lUCH01
_h1310
650 1 4 _aUstilaginaceas.
_9117092
901 _aBK
942 _cREIMP
949 _aR-585
_bBC
_cR
_d-48503
_eTS1
_i20850
_si
999 _c15796
_d15796